Uniqueness of the numerical range of truncated shifts

Elmentve itt :
Bibliográfiai részletek
Szerző: Kérchy László
Dokumentumtípus: Cikk
Megjelent: 2017
Sorozat:ACTA SCIENTIARUM MATHEMATICARUM (SZEGED) 83 No. 1-2
Tárgyszavak:
doi:10.14232/actasm-016-052-0

mtmt:3233462
Online Access:http://publicatio.bibl.u-szeged.hu/38206
LEADER 00728nab a2200205 i 4500
001 publ38206
005 20251104132431.0
008 251104s2017 hu o 000 eng d
022 |a 0001-6969 
024 7 |a 10.14232/actasm-016-052-0  |2 doi 
024 7 |a 3233462  |2 mtmt 
040 |a SZTE Publicatio Repozitórium  |b hun 
041 |a eng 
100 1 |a Kérchy László 
245 1 0 |a Uniqueness of the numerical range of truncated shifts  |h [elektronikus dokumentum] /  |c  Kérchy László 
260 |c 2017 
300 |a 243-261 
490 0 |a ACTA SCIENTIARUM MATHEMATICARUM (SZEGED)  |v 83 No. 1-2 
650 4 |a Matematika 
856 4 0 |u http://publicatio.bibl.u-szeged.hu/38206/1/Uniquenessofthenumericalrangeoftruncatedshifts.pdf  |z Dokumentum-elérés